Communes de la Seine-Saint-Denis (93) de plus de 10000 habitants - Statistiques

Statistiques générales
  • Ce quiz a été pris 71 fois
  • Le résultat moyen est 23 sur 35
Statistiques - réponses
Habitants Communes % Correct
148907 Saint-Denis
98%
89489 Aubervilliers
92%
55270 (préfecture) Bobigny
90%
110758 Montreuil
88%
51640 Sevran
86%
60954 Pantin
84%
51066 Bondy
80%
71312 Drancy
80%
71632 Noisy-le-Grand
76%
40600 Stains
76%
86360 Aulnay-sous-Bois
74%
45915 Noisy-le-Sec
74%
45947 Rosny-sous-Bois
72%
47086 La Courneuve
70%
23262 Les Lilas
66%
41776 Bagnolet
64%
59912 Le Blanc-Mesnil
62%
39647 Villepinte
60%
14778 Le Raincy
58%
46507 Livry-Gargan
58%
53564 Epinay-sur-Seine
56%
38799 Neuilly-sur-Marne
56%
35314 Romainville
56%
29551 Clichy-sous-Bois
54%
40790 Gagny
54%
28257 Montfermeil
54%
21914 Neuilly-Plaisance
54%
15052 Le Bourget
52%
53041 Saint-Ouen-sur-Seine
52%
38210 Tremblay-en-France
50%
29973 Villemomble
50%
16733 Le Pré-Saint-Gervais
48%
12432 Villetaneuse
40%
24872 Les Pavillons-sous-Bois
38%
11723 Dugny
28%
Aucun quiz correspondant
Distribution des résultats
% des personnes avec chaque résultat
Percentile par nombre de réponses
Votre historique - résultats
Vous n’avez pas pris ce quiz